00413nam a2200097Ia 4500008004100000100002500041245012400066260003900190650002500229856006100254160909s9999 xx 000 0 und d aTillotson, Kenyon F. 3aAn Exploratory Study of Factors Eliciting VA Employee No-Show Behavior In Veterans Affairs Employee Development Courses bUniversity of South Florida.c2016 aMARKETING MANAGEMENT uhttp://pqdtopen.proquest.com/doc/1794656561.html?FMT=ABS